000 01164nam a2200277 a 4500
001 000002015
005 20240308073617.0
008 090630s2002 dr 000 0 spa d
020 _a999348850X
040 _aDO-SdBNP
_bspa
_cBNPHU
082 _a581.097293
_bA634f
245 0 0 _aAntología de la flora y fauna de Santo Domingo en cronistas y viajeros :
_bsiglos XV-XX /
_cselección, introducción, notas e índice Carlos Esteban Deive.
260 _aSanto Domingo :
_bSociedad Dominicana de Bibliófilos,
_c2002.
300 _a783 p. :
_bil. ;
_c23 cm.
490 1 _aBibliófilos 2000
504 _aIncluye referencias bibliográficas al pie de las paginas
590 _aInventariado,2018 /DG
650 4 _aBotánica
_zRepública Dominicana
_xHistoria
_96515
650 4 _aZoología
_zRepública Dominicana
_xHistoria
_96516
650 4 _aHistoria natural
_zRepública Dominicana
_xHistoria
_96517
651 4 _aRepública Dominicana
_xDescripciones Y Viajes
_91651
650 4 _aZoología
_zRepública Dominicana
_96518
700 1 _aDeive, Carlos Esteban,
_d1935-2019
_91916
830 0 _aBibliófilos 2000
_91044
910 _aValidado. Control de calidad MMOLINA
999 _c1880
_d1880